| 000 | 00867cam a22002777a 4500 | ||
|---|---|---|---|
| 003 | CHAP | ||
| 005 | 20220329134156.0 | ||
| 008 | 971013s1984 r 00010 d | ||
| 010 | _a16556 | ||
| 011 | _a17528 | ||
| 035 | _a21611 | ||
| 040 | _cCHAP | ||
| 100 | 0 | 0 |
_aGyawu, Emmanuel A. _952052 |
| 245 | 1 | 3 | _aAn econometric analysis of the U.S. Fertilizer industry |
| 260 |
_aLexington : _bUniversity opf Kencky, _c1984 |
||
| 300 | _a56 p | ||
| 490 | 0 |
_aAgricultural economic research report _v; 39 |
|
| 590 |
_aBATCH-UPD _b10 _c20130110 _lUCH01 _h2144 |
||
| 590 |
_aCONVERSION _b10 _c20130109 _lUCH01 _h1310 |
||
| 650 | 1 | 4 |
_aFertilizantes _xIndustria _xE.U.A. _940573 |
| 830 | 0 |
_aAgricultural economic research report _v; 39 _92088 |
|
| 901 | _aBK | ||
| 942 | _cFOLL | ||
| 949 |
_bBC _cFOLL _d-50276 _eTS1 _i21611 _mD _si |
||
| 949 |
_bBC _cFOLL _d-50277 _eTS2 _fc.2 _i21611 _si |
||
| 999 |
_c16556 _d16556 |
||